<Die> PASCAL-Fibel Strukturierte Programmierung mit Pascal. Lehr- und Arbeitsbuch für Anfänger (Auch für PolyPascal und Turbo-Pascal)

Guardado en:
Detalles Bibliográficos
Autor principal: Witschital, Peter
Otros Autores: Kühme, Thomas
Formato: Libro
Lenguaje:alemán
Publicado: München Oldenbourg 1992
Edición:4. durchges. Aufl.
Materias:
Etiquetas: Agregar Etiqueta
Sin Etiquetas, Sea el primero en etiquetar este registro!

MARC

LEADER 00000nam a2200000 4500
001 c019101
005 20221206084825.5
020 |a 3-486-22169-8 
041 0 |a ger 
044 |a DE 
245 1 0 |a <Die> PASCAL-Fibel  |b Strukturierte Programmierung mit Pascal. Lehr- und Arbeitsbuch für Anfänger (Auch für PolyPascal und Turbo-Pascal)  |c Peter Witschital, Thomas Kühme 
250 |a 4. durchges. Aufl. 
264 1 |a München  |b Oldenbourg  |c 1992 
300 |a 246 s. 
610 2 0 |a programovanie 
610 2 0 |a jazyky programovacie 
610 2 0 |a programy počítačové 
610 2 0 |a spracovanie dát automatické 
610 2 0 |a softvér 
610 2 0 |a dáta 
610 2 0 |a PASCAL 
100 1 |a Witschital, Peter 
700 1 |a Kühme, Thomas